000
00303nam a22001337a 4500
008
170220b xxu||||| |||| 00| 0 eng d
020
_a
9781496302823
041
_a
eng
080
_2
6 ED
_a
61
100
_a
4
101
_a
SHM
245
_a
CLINICAL CALCULATIONS MADE EASY
_c
G..P.CRAIG
942
_2
udc
_c
BK
999
_c
5874
_d
5874